000 00656nam a2200205Ia 4500
003 GCL
008 140319s9999 xx 000 0 ara d
040 _aGCL /
_cGCL
082 0 4 _a001.6424
_bك ب
100 1 _aتوم كاررثبيرستون
245 1 0 _aبرنامج يونيكس /
_cتوم كاررثبيرستون
700 1 _aالدار العربية للعلوم
260 _a[S.N] :
_bالدار العربية للعلوم ،
_c1992
300 _a238 ص
490 _a
650 0 4 _aالحاسبات الالكترونية
650 0 4 _aيونيكس
650 0 4 _aبرامج الحاسبات الالكترونية
942 _2ddc
_cBK
999 _c54382
_d54382